La invalidez de las actuaciones en el proceso civil

Salvato in:
Dettagli Bibliografici
Autore principale: Ciurana, Baldomero Andrés (Autore)
Natura: Libro
Lingua:spagnolo
Pubblicazione: Valencia Tirant lo blanch 2005
Soggetti:
Tags: Aggiungi Tag
Nessun Tag, puoi essere il primo ad aggiungerne!!

MARC

LEADER 00000nam a2200000 a 4500
001 UCJ1494
003 CL-VaPUC
008 061020e20050000SP |||||||||||||||||spa|d
020 |a 8484562735 
082 0 4 |a 347.05  |b CIU  |2 21 
100 0 |a Ciurana, Baldomero Andrés  |e author  |9 502181 
245 1 3 |a La invalidez de las actuaciones en el proceso civil 
300 |a 509 p 
942 |c BK 
945 |d 20061020 00:00:00  |a jtorresc 
260 |a Valencia  |b Tirant lo blanch  |c 2005 
500 |a www.tirant.es 
650 0 |a Proceso civil  |9 361912 
650 7 |a DERECHO  |2 CL-VaPUC  |9 502182 
650 0 |a Juicio  |9 321615 
650 0 |a Defensa  |9 258306 
650 0 |a Sentencias  |9 256250 
583 |a last modification  |c 20061020 00:00:00  |k Rodrigo Vera 
999 |c 318076  |d 318074 
952 |0 0  |1 0  |4 0  |6 347_050000000000000_CIU_2005  |7 0  |8 A  |9 395300  |a BIBDER  |b BIBDER  |d 2019-11-22  |i 4259416  |o 347.05 CIU 2005  |p 4259416  |r 2023-01-25  |w 2019-11-22  |y BK  |k DER